[Event "Landesliga Nord 0809"]
[Site "Bayern"]
[Date "2009.03.01"]
[Round "7.5"]
[White "Kreuzer, Gerhard"]
[Black "Gegenfurtner, Juergen"]
[Result "1/2-1/2"]
[WhiteElo "2189"]
[BlackElo "2089"]
[PlyCount "81"]
[EventDate "2008.10.05"]
[EventType "team-tourn"]
[EventRounds "9"]
[EventCountry "GER"]
[SourceTitle "EXT 2020"]
[Source "ChessBase"]
[SourceDate "2019.10.17"]
[SourceVersion "1"]
[SourceVersionDate "2019.10.17"]
[SourceQuality "1"]
[WhiteTeam "Kelheim"]
[BlackTeam "Neutraubling"]
[WhiteTeamCountry "GER"]
[BlackTeamCountry "GER"]

1. c4 Nf6 2. Nc3 c5 3. g3 e6 4. Bg2 Be7 5. e4 d6 6. Nge2 a6 7. 0-0 0-0 8. d4 cxd4 9. Nxd4 Qc7 10. Qe2 Bd7 11. Bd2 Rc8 12. b3 Nc6 13. Nxc6 Bxc6 14. Rac1 Qb8 15. Bf4 b5 16. Nd5 Bd8 17. Nxf6+ Bxf6 18. c5 e5 19. Be3 dxc5 20. Rxc5 Be7 21. Rc2 Bd7 22. Rxc8+ Qxc8 23. Rc1 Qb7 24. Qb2 Bd6 25. Rd1 Bb8 26. Bh3 Be8 27. Rd8 Bc7 28. Rxa8 Qxa8 29. Qc3 Qb7 30. Qc5 Qc6 31. f3 Bd6 32. Qxc6 Bxc6 33. Bb6 Bb7 34. Kf2 Kf8 35. a4 Ke7 36. Ke3 Ba3 37. Kd3 Bb4 38. axb5 axb5 39. f4 f6 40. fxe5 fxe5 41. Bc7 1/2-1/2

[Event "Landesliga Nord 0809"]
[Site "Bayern"]
[Date "2008.10.26"]
[Round "2.6"]
[White "Kreuzer, Gerhard"]
[Black "Martin Fernandez, Rodrigo"]
[Result "0-1"]
[WhiteElo "2189"]
[BlackElo "2030"]
[PlyCount "92"]
[EventDate "2008.10.05"]
[EventType "team-tourn"]
[EventRounds "9"]
[EventCountry "GER"]
[SourceTitle "EXT 2020"]
[Source "ChessBase"]
[SourceDate "2019.10.17"]
[SourceVersion "1"]
[SourceVersionDate "2019.10.17"]
[SourceQuality "1"]
[WhiteTeam "Kelheim"]
[BlackTeam "Erlangen SC"]
[WhiteTeamCountry "GER"]
[BlackTeamCountry "GER"]

1. c4 e6 2. Nf3 d5 3. g3 Nf6 4. Bg2 Be7 5. 0-0 0-0 6. d3 c6 7. Nc3 Nbd7 8. Qc2 Qc7 9. e4 dxc4 10. dxc4 e5 11. Na4 Nc5 12. Nxc5 Bxc5 13. Bd2 a5 14. Bc3 Re8 15. b3 Ba3 16. Rfe1 Bg4 17. h3 Bxf3 18. Bxf3 Bb4 19. a3 Bxc3 20. Qxc3 c5 21. Rad1 Rad8 22. Kg2 Rd4 23. Rxd4 exd4 24. Qd2 Nd7 25. Bg4 Ne5 26. f4 Nxg4 27. hxg4 b6 28. Qd3 f6 29. a4 Qc6 30. Kf2 g6 31. Qf3 Kg7 32. Qd3 Qd7 33. Kf3 Re7 34. f5 Qc6 35. Rh1 Re5 36. Kf4 Qd6 37. Kf3 Qc6 38. Kf4 Qe8 39. Kf3 h5 40. Rh4 hxg4+ 41. Rxg4 g5 42. Qf1 Qh5 43. Qf2 Qh1+ 44. Ke2 Qb1 45. Qf3 Qc2+ 46. Ke1 Qc3+ 0-1

[Event "Landesliga Nord 0708"]
[Site "Bayern"]
[Date "2008.04.20"]
[Round "9.5"]
[White "Kreuzer, Gerhard"]
[Black "Kotz, Reinhard"]
[Result "1/2-1/2"]
[WhiteElo "2189"]
[BlackElo "2075"]
[PlyCount "120"]
[EventDate "2007.10.21"]
[EventType "team-tourn"]
[EventRounds "9"]
[EventCountry "GER"]
[SourceTitle "EXT 2009"]
[Source "ChessBase"]
[SourceDate "2008.11.26"]
[SourceVersion "1"]
[SourceVersionDate "2008.11.26"]
[SourceQuality "1"]
[WhiteTeam "Kelheim"]
[BlackTeam "Puschendorf"]
[WhiteTeamCountry "GER"]
[BlackTeamCountry "GER"]

1. c4 Nf6 2. Nc3 e5 3. Nf3 Nc6 4. e3 Bb4 5. Qc2 0-0 6. Nd5 Be7 7. a3 h6 8. d3 d6 9. b4 Be6 10. b5 Nb8 11. Nxf6+ Bxf6 12. Bb2 c5 13. Be2 Nd7 14. 0-0 d5 15. cxd5 Bxd5 16. Nd2 Rc8 17. Nc4 Qe7 18. e4 Be6 19. a4 Rfd8 20. Bc3 g6 21. Qb2 Bxc4 22. dxc4 Qe6 23. a5 a6 24. h3 h5 25. Rfd1 Nf8 26. Rd5 Rxd5 27. cxd5 Qd6 28. bxa6 bxa6 29. Qb6 Qxb6 30. axb6 Rb8 31. Rb1 Nd7 32. b7 Kf8 33. Bxa6 Ke7 34. d6+ Kxd6 35. Rd1+ Kc6 36. Bc4 Nb6 37. Bxf7 Rxb7 38. Bxg6 h4 39. Be8+ Kc7 40. Ba5 Kc8 41. Rd6 Nc4 42. Rc6+ Kb8 43. Bc3 Rb3 44. Rxf6 Rxc3 45. g4 hxg3 46. fxg3 Rxg3+ 47. Kh2 Re3 48. h4 Rxe4 49. h5 Kc7 50. Rc6+ Kd8 51. Bg6 Re2+ 52. Kh3 Re1 53. Rxc5 Nd6 54. Rc2 Ke7 55. Rc7+ Kf6 56. Kg2 Kg5 57. Rc6 Rd1 58. Rc5 Kf6 59. Rc2 Kg5 60. Re2 e4 1/2-1/2

[Event "Landesliga Nord 0708"]
[Site "Bayern"]
[Date "2007.11.04"]
[Round "2.7"]
[White "Troidl, Thomas"]
[Black "Kreuzer, Gerhard"]
[Result "0-1"]
[WhiteElo "1912"]
[BlackElo "2167"]
[PlyCount "86"]
[EventDate "2007.10.21"]
[EventType "team-tourn"]
[EventRounds "9"]
[EventCountry "GER"]
[SourceTitle "EXT 2009"]
[Source "ChessBase"]
[SourceDate "2008.11.26"]
[SourceVersion "1"]
[SourceVersionDate "2008.11.26"]
[SourceQuality "1"]
[WhiteTeam "Regensburg Fortuna II"]
[BlackTeam "Kelheim"]
[WhiteTeamCountry "GER"]
[BlackTeamCountry "GER"]

1. e4 c5 2. Nf3 Nc6 3. d4 cxd4 4. Nxd4 Nf6 5. Nc3 e5 6. Ndb5 d6 7. Nd5 Nxd5 8. exd5 Nb8 9. c4 a6 10. Nc3 Be7 11. Be2 0-0 12. 0-0 f5 13. Kh1 Nd7 14. f4 Bf6 15. g4 fxg4 16. Bxg4 Nb6 17. b3 exf4 18. Bd2 Be5 19. Bxc8 Rxc8 20. Qh5 Qd7 21. Rf3 Rf5 22. Qh4 g5 23. Rg1 Qg7 24. Qg4 Qg6 25. Rh3 Rcf8 26. Ne4 h6 27. Qf3 Bd4 28. Rg2 Re5 29. Nf2 Rfe8 30. Qd3 Re1+ 31. Bxe1 Rxe1+ 32. Rg1 Qxd3 33. Rxd3 Bxf2 34. Rxe1 Bxe1 35. Kg2 Bb4 36. Kf3 Nd7 37. Rd1 Kf7 38. h4 Ne5+ 39. Ke4 Kf6 40. hxg5+ hxg5 41. Rh1 f3 42. Ke3 Bc5+ 43. Kd2 g4 0-1

[Event "Landesliga Nord 0607"]
[Site "Bayern"]
[Date "2007.02.25"]
[Round "6.4"]
[White "Kreuzer, Gerhard"]
[Black "Zuehlke, Burkhard"]
[Result "0-1"]
[WhiteElo "2178"]
[BlackElo "2035"]
[PlyCount "81"]
[EventDate "2006.10.15"]
[EventType "team"]
[EventRounds "9"]
[EventCountry "GER"]
[SourceTitle "EXT 2008"]
[Source "ChessBase"]
[SourceDate "2007.11.25"]
[SourceVersion "1"]
[SourceVersionDate "2007.11.25"]
[SourceQuality "1"]
[WhiteTeam "Kelheim"]
[BlackTeam "Zirndorf"]
[WhiteTeamCountry "GER"]
[BlackTeamCountry "GER"]

1. c4 g6 2. Nc3 Bg7 3. g3 d6 4. Bg2 Nf6 5. e3 e5 6. Nge2 0-0 7. 0-0 c6 8. f4 Nbd7 9. h3 Nb6 10. d3 Qc7 11. e4 d5 12. fxe5 Nfd7 13. cxd5 cxd5 14. d4 dxe4 15. Nxe4 Nd5 16. N4c3 Nb4 17. Qb3 Nc6 18. Nb5 Qb6 19. Be3 Na5 20. Qd3 a6 21. Nd6 Qxb2 22. Rab1 Qxa2 23. Nc3 Qe6 24. Nxf7 Qc4 25. Qd2 Nb3 26. Rxb3 Qxb3 27. Bd5 Qa3 28. Bh6 Nb6 29. Ba2 Bxh3 30. Ng5+ Kh8 31. Bxg7+ Kxg7 32. Nxh3 Na4 33. Nxa4 Rxf1+ 34. Kxf1 Rf8+ 35. Nf4 Qxg3 36. Nc5 Rxf4+ 37. Qxf4 Qxf4+ 38. Ke2 Qh2+ 39. Ke3 Qxa2 40. Ke4 Kf7 41. d5 0-1

[Event "Landesliga Nord 0607"]
[Site "Bayern"]
[Date "2006.10.15"]
[Round "1.5"]
[White "Kreuzer, Gerhard"]
[Black "Schmid, Michael1111"]
[Result "1/2-1/2"]
[WhiteElo "2178"]
[BlackElo "2168"]
[PlyCount "82"]
[EventDate "2006.10.15"]
[EventType "team"]
[EventRounds "9"]
[EventCountry "GER"]
[SourceTitle "EXT 2008"]
[Source "ChessBase"]
[SourceDate "2007.11.25"]
[SourceVersion "1"]
[SourceVersionDate "2007.11.25"]
[SourceQuality "1"]
[WhiteTeam "Kelheim"]
[BlackTeam "Koenigshofen"]
[WhiteTeamCountry "GER"]
[BlackTeamCountry "GER"]

1. c4 f5 2. Nc3 Nf6 3. d3 g6 4. e4 d6 5. g3 Nc6 6. Bg2 Bg7 7. Nge2 0-0 8. 0-0 e5 9. f4 fxe4 10. dxe4 Bg4 11. h3 Be6 12. Nd5 Qd7 13. Kh2 Nd4 14. Nxd4 exd4 15. f5 Bxd5 16. exd5 gxf5 17. Qd3 Ne4 18. Bxe4 fxe4 19. Rxf8+ Rxf8 20. Qxe4 Rf1 21. Kg2 Qf7 22. Qe2 Rf5 23. Bf4 Be5 24. Qg4+ Qg6 25. Kf3 c5 26. dxc6 bxc6 27. b4 Kf7 28. Qxg6+ hxg6 29. a4 Ke6 30. h4 a6 31. Ke4 Bg7 32. Kd3 Be5 33. Re1 Kd7 34. Ke4 c5 35. bxc5 Bxf4 36. gxf4 dxc5 37. Rg1 Rf6 38. Kd5 Rf5+ 39. Ke4 Rf6 40. Kd5 Rf5+ 41. Ke4 Rf6 1/2-1/2

[Event "Landesliga Nord 0506"]
[Site "Bayern"]
[Date "2005.11.13"]
[Round "2.2"]
[White "Albrecht, Hans"]
[Black "Kreuzer, Gerhard"]
[Result "1-0"]
[WhiteElo "2138"]
[BlackElo "2180"]
[PlyCount "95"]
[EventDate "2005.10.23"]
[EventType "team"]
[EventRounds "9"]
[EventCountry "GER"]
[SourceTitle "EXT 2007"]
[Source "ChessBase"]
[SourceDate "2006.11.23"]
[SourceVersion "1"]
[SourceVersionDate "2006.11.23"]
[SourceQuality "1"]

1. e4 c5 2. Nf3 Nc6 3. Bb5 Qc7 4. 0-0 d6 5. c3 a6 6. Ba4 b5 7. Bb3 Nf6 8. d3 Bg4 9. h3 Bd7 10. Re1 e6 11. Nbd2 Be7 12. Nf1 Na5 13. Bc2 Bc6 14. d4 Rd8 15. Qe2 Bb7 16. Bf4 c4 17. Rad1 Qb6 18. a3 d5 19. e5 Nd7 20. Ng3 g6 21. Bg5 Nc6 22. Qe3 a5 23. Bxe7 Nxe7 24. Nh2 h5 25. Nf3 Nf8 26. Ng5 Rd7 27. Nf1 Nh7 28. Nxh7 Rxh7 29. g4 hxg4 30. hxg4 Qd8 31. Kg2 Ng8 32. Ng3 Qe7 33. Rh1 Rxh1 34. Rxh1 f5 35. exf6 Qxf6 36. g5 Qf7 37. Qe5 Rd8 38. Ne2 Kd7 39. Rh8 Rf8 40. f4 Ne7 41. Rxf8 Qxf8 42. Ng1 Nc6 43. Qf6 Qxf6 44. gxf6 b4 45. axb4 axb4 46. Bxg6 b3 47. Nf3 e5 48. fxe5 1-0

[Event "Oberliga Bayern 0405"]
[Site "Bayern"]
[Date "2005.02.13"]
[Round "7.3"]
[White "Lang, Stefan"]
[Black "Kreuzer, Gerhard"]
[Result "1/2-1/2"]
[WhiteElo "2188"]
[BlackElo "2169"]
[PlyCount "95"]
[EventDate "2004.10.24"]
[EventType "team-tourn"]
[EventRounds "9"]
[EventCountry "GER"]
[SourceTitle "EXT 2020"]
[Source "ChessBase"]
[SourceDate "2019.10.17"]
[SourceVersion "1"]
[SourceVersionDate "2019.10.17"]
[SourceQuality "1"]
[WhiteTeam "Forchheim SC II"]
[BlackTeam "Kelheim SC"]
[WhiteTeamCountry "GER"]
[BlackTeamCountry "GER"]

1. e4 c5 2. Nf3 Nc6 3. Bb5 Qc7 4. 0-0 e6 5. Re1 a6 6. Bxc6 dxc6 7. b3 e5 8. Bb2 Bd6 9. h3 Ne7 10. c3 Ng6 11. d4 0-0 12. Nbd2 b5 13. dxe5 Nxe5 14. Nxe5 Bxe5 15. Nf3 Be6 16. Qe2 c4 17. Ng5 cxb3 18. Nxe6 fxe6 19. axb3 Qb6 20. Qe3 Qxe3 21. Rxe3 b4 22. Rb1 c5 23. cxb4 Bxb2 24. Rxb2 cxb4 25. Ra2 Rfd8 26. Kf1 a5 27. Ke2 Rd4 28. Rd2 Rxd2+ 29. Kxd2 a4 30. bxa4 Rxa4 31. Re1 Ra2+ 32. Ke3 Ra3+ 33. Kd4 Ra2 34. f4 Rxg2 35. Rb1 g5 36. Ke5 gxf4 37. Rxb4 f3 38. Rb8+ Kg7 39. Rb3 Kf7 40. Rxf3+ Ke7 41. h4 Ra2 42. Rb3 Ra5+ 43. Kf4 Kf6 44. Rf3 h6 45. Rf1 Rb5 46. Re1 Re5 47. Re2 Ra5 48. Rf2 1/2-1/2

[Event "Oberliga Bayern 0405"]
[Site "Bayern"]
[Date "2005.01.30"]
[Round "6.3"]
[White "Kreuzer, Gerhard"]
[Black "Wild, Rudolf"]
[Result "1-0"]
[WhiteElo "2169"]
[BlackElo "1930"]
[PlyCount "77"]
[EventDate "2004.10.24"]
[EventType "team-tourn"]
[EventRounds "9"]
[EventCountry "GER"]
[SourceTitle "EXT 2020"]
[Source "ChessBase"]
[SourceDate "2019.10.17"]
[SourceVersion "1"]
[SourceVersionDate "2019.10.17"]
[SourceQuality "1"]
[WhiteTeam "Kelheim SC"]
[BlackTeam "Krumbach"]
[WhiteTeamCountry "GER"]
[BlackTeamCountry "GER"]

1. c4 Nf6 2. g3 g6 3. Bg2 Bg7 4. Nc3 c5 5. e3 0-0 6. Nge2 d6 7. 0-0 a6 8. a3 Ra7 9. b4 b6 10. d4 Bb7 11. d5 e6 12. bxc5 bxc5 13. Rb1 e5 14. f4 Nbd7 15. f5 e4 16. Nxe4 Nxe4 17. Bxe4 Re8 18. Bd3 Bc8 19. fxg6 hxg6 20. Nf4 Ne5 21. Bb2 Bg4 22. Qc2 Qg5 23. Bxe5 Qxe5 24. Rfe1 g5 25. Ng2 Bf3 26. Rb6 Bxg2 27. Kxg2 g4 28. Bf5 a5 29. e4 Rae7 30. Reb1 Qf6 31. Rf1 Qh6 32. Qd1 Qh3+ 33. Kh1 Rxe4 34. Bxe4 Rxe4 35. Rb8+ Bf8 36. Qd3 Re3 37. Qf5 Re7 38. Qf6 Rd7 39. Rf5 1-0

[Event "Landesliga Nord 0304"]
[Site "Bayern"]
[Date "2004.03.07"]
[Round "7.1"]
[White "Spitzl, Bertram"]
[Black "Kreuzer, Gerhard"]
[Result "1/2-1/2"]
[WhiteElo "2126"]
[BlackElo "2195"]
[PlyCount "35"]
[EventDate "2003.10.??"]
[EventType "team"]
[EventRounds "9"]
[EventCountry "GER"]
[SourceTitle "EXT 2006"]
[Source "ChessBase"]
[SourceDate "2005.11.24"]
[SourceVersion "1"]
[SourceVersionDate "2005.11.24"]
[SourceQuality "1"]
[WhiteTeam "Bindlach"]
[BlackTeam "Kelheim"]
[WhiteTeamCountry "GER"]
[BlackTeamCountry "GER"]

1. g3 c5 2. Nf3 Nc6 3. d4 cxd4 4. Nxd4 e5 5. Nxc6 dxc6 6. Qxd8+ Kxd8 7. b3 Bf5 8. Ba3 Kc7 9. c4 Nf6 10. f3 Bxa3 11. Nxa3 e4 12. 0-0-0 b6 13. g4 Bg6 14. h4 exf3 15. exf3 h6 16. Bd3 Bxd3 17. Rxd3 Rad8 18. Re3 1/2-1/2

[Event "Landesliga Nord 0304"]
[Site "Bayern"]
[Date "2003.11.02"]
[Round "2.2"]
[White "Ksieski, Zbigniew"]
[Black "Kreuzer, Gerhard"]
[Result "1-0"]
[WhiteElo "2354"]
[BlackElo "2195"]
[PlyCount "122"]
[EventDate "2003.10.??"]
[EventType "team"]
[EventRounds "9"]
[EventCountry "GER"]
[SourceTitle "EXT 2006"]
[Source "ChessBase"]
[SourceDate "2005.11.24"]
[SourceVersion "1"]
[SourceVersionDate "2005.11.24"]
[SourceQuality "1"]
[WhiteTeam "Sailauf"]
[BlackTeam "Kelheim"]
[WhiteTeamCountry "GER"]
[BlackTeamCountry "GER"]

1. d4 Nf6 2. Nf3 c5 3. d5 e6 4. c4 exd5 5. cxd5 d6 6. Nc3 g6 7. g3 Bg7 8. Bg2 0-0 9. 0-0 a6 10. a4 Qc7 11. Nd2 Nbd7 12. Nc4 Rb8 13. Bf4 Ne8 14. Ne4 Ne5 15. Bxe5 Bxe5 16. Nxe5 dxe5 17. d6 Qd7 18. Qd5 b6 19. Rfd1 Bb7 20. Qxe5 Bxe4 21. Bxe4 Rd8 22. Bd3 Qxd6 23. Qxd6 Nxd6 24. Bxa6 Nf5 25. e3 h5 26. Kf1 Kg7 27. Bb7 Kf6 28. b3 Rxd1+ 29. Rxd1 Rb8 30. Be4 Ne7 31. Ke2 Ke6 32. Bd3 Nc6 33. Bc4+ Ke7 34. Rd5 Rb7 35. f4 f6 36. h3 Ra7 37. g4 hxg4 38. hxg4 Na5 39. Kd3 Nc6 40. Kc3 Nb4 41. Rd2 Rd7 42. Rh2 Kf8 43. Rh8+ Kg7 44. Rg8+ Kh7 45. Rb8 Na2+ 46. Kc2 Nb4+ 47. Kc1 Rd6 48. Rb7+ Kh8 49. e4 Na2+ 50. Kc2 Nb4+ 51. Kb2 Rd2+ 52. Kc1 Rg2 53. Rxb6 Na2+ 54. Kd1 Nc3+ 55. Ke1 Rxg4 56. e5 fxe5 57. fxe5 Nxa4 58. Rb8+ Kg7 59. Rb7+ Kf8 60. Be2 Rg1+ 61. Kf2 Nc3 1-0

[Event "Landesliga Nord 0203"]
[Site "Bayern"]
[Date "2003.03.09"]
[Round "8.3"]
[White "Burggraf, Michael"]
[Black "Kreuzer, Gerhard"]
[Result "0-1"]
[WhiteElo "2059"]
[BlackElo "2175"]
[PlyCount "72"]
[EventDate "2002.10.20"]
[EventType "team"]
[EventRounds "9"]
[EventCountry "GER"]
[SourceTitle "EXT 2004"]
[Source "ChessBase"]
[SourceDate "2003.11.25"]
[SourceVersion "1"]
[SourceVersionDate "2003.11.25"]
[SourceQuality "1"]
[WhiteTeam "Forchheim II"]
[BlackTeam "Kelheim"]
[WhiteTeamCountry "GER"]
[BlackTeamCountry "GER"]

1. e4 c5 2. Nc3 Nc6 3. g3 g6 4. Bg2 Bg7 5. d3 d6 6. Be3 b6 7. Qd2 Bb7 8. h4 h5 9. Nh3 Nh6 10. f3 Qd7 11. 0-0 0-0-0 12. a3 Kb8 13. Rfb1 Nd4 14. Nf4 e5 15. Nfd5 Rdf8 16. b4 f5 17. Qd1 fxe4 18. dxe4 Qf7 19. bxc5 dxc5 20. Nxb6 axb6 21. Rxb6 Rd8 22. Nd5 Rxd5 23. exd5 Kc7 24. Rxb7+ Kxb7 25. c3 Nhf5 26. Rb1+ Kc8 27. Qa4 Qxd5 28. Qa6+ Kc7 29. cxd4 Ra8 30. Qb6+ Kd7 31. Qxg6 Rf8 32. Bh3 exd4 33. Qxg7+ Rf7 34. Rb7+ Kc6 35. Rxf7 Nxg7 36. Bc8 Qxf7 0-1

[Event "Landesliga Nord 0203"]
[Site "Bayern"]
[Date "2003.01.26"]
[Round "5.3"]
[White "Kreuzer, Gerhard"]
[Black "Sinkovics, Peter"]
[Result "1-0"]
[WhiteElo "2175"]
[BlackElo "2360"]
[PlyCount "77"]
[EventDate "2002.10.20"]
[EventType "team"]
[EventRounds "9"]
[EventCountry "GER"]
[SourceTitle "EXT 2004"]
[Source "ChessBase"]
[SourceDate "2003.11.25"]
[SourceVersion "1"]
[SourceVersionDate "2003.11.25"]
[SourceQuality "1"]
[WhiteTeam "Kelheim"]
[BlackTeam "Koetzting"]
[WhiteTeamCountry "GER"]
[BlackTeamCountry "GER"]

1. c4 Nf6 2. g3 e6 3. Bg2 d5 4. Nf3 Be7 5. 0-0 0-0 6. d3 c5 7. Nc3 d4 8. Nb1 Nc6 9. e3 e5 10. exd4 cxd4 11. Bg5 h6 12. Bxf6 Bxf6 13. a3 Bf5 14. b4 e4 15. dxe4 d3 16. Nbd2 Bxa1 17. Qxa1 Be6 18. Rc1 Qc7 19. Qc3 Rad8 20. b5 Na5 21. c5 b6 22. c6 Rd6 23. Nd4 Rfd8 24. Nxe6 fxe6 25. Bh3 Kh8 26. Qe5 Nb7 27. Nc4 d2 28. Rd1 Nc5 29. Nxd6 Rxd6 30. Rxd2 Rxc6 31. Bf5 Nd7 32. Qxc7 Rxc7 33. Bxe6 Ne5 34. Rd8+ Kh7 35. f4 Nf3+ 36. Kf2 Nxh2 37. Bf5+ g6 38. Rd7+ Rxd7 39. Bxd7 1-0

[Event "Landesliga Nord 0203"]
[Site "Bayern"]
[Date "2002.12.15"]
[Round "3.4"]
[White "Saring, Christoph"]
[Black "Kreuzer, Gerhard"]
[Result "0-1"]
[WhiteElo "2175"]
[BlackElo "2028"]
[PlyCount "44"]
[EventDate "2002.10.20"]
[EventType "team"]
[EventRounds "9"]
[EventCountry "GER"]
[SourceTitle "EXT 2004"]
[Source "ChessBase"]
[SourceDate "2003.11.25"]
[SourceVersion "1"]
[SourceVersionDate "2003.11.25"]
[SourceQuality "1"]
[WhiteTeam "Bamberg II"]
[BlackTeam "Kelheim"]
[WhiteTeamCountry "GER"]
[BlackTeamCountry "GER"]

1. e4 c5 2. b4 cxb4 3. a3 d5 4. exd5 Qxd5 5. Bb2 e5 6. axb4 Bxb4 7. c3 Bc5 8. Nf3 Bg4 9. Qa4+ Bd7 10. Qc2 Nc6 11. Na3 Nf6 12. Be2 0-0 13. 0-0 e4 14. Ne1 Bf5 15. d4 exd3 16. Bxd3 Bxd3 17. Nxd3 Rfd8 18. Nxc5 Qxc5 19. c4 Nd4 20. Bxd4 Rxd4 21. Rfb1 Rad8 22. Rxb7 Qxa3 0-1

[Event "Landesliga Nord 0102"]
[Site "Bayern"]
[Date "2002.03.17"]
[Round "7.3"]
[White "Martin, Thomas"]
[Black "Kreuzer, Gerhard"]
[Result "1-0"]
[WhiteElo "2275"]
[BlackElo "2160"]
[PlyCount "97"]
[EventDate "2001.10.07"]
[EventType "team"]
[EventRounds "9"]
[EventCountry "GER"]
[SourceTitle "EXT 2003"]
[Source "ChessBase"]
[SourceDate "2002.11.25"]
[SourceVersion "1"]
[SourceVersionDate "2002.11.25"]
[SourceQuality "1"]
[WhiteTeam "Schwabach"]
[BlackTeam "Kelheim"]
[WhiteTeamCountry "GER"]
[BlackTeamCountry "GER"]

1. e4 c5 2. c3 d5 3. exd5 Qxd5 4. d4 Nf6 5. Nf3 Bg4 6. Be2 e6 7. 0-0 Nc6 8. Be3 cxd4 9. cxd4 Be7 10. Nc3 Qd8 11. h3 Bh5 12. g4 Bg6 13. Ne5 Ne4 14. Nxc6 Nxc3 15. Nxd8 Nxd1 16. Nxe6 fxe6 17. Rfxd1 Be4 18. Rac1 Bd6 19. Bc4 Bd5 20. Bxd5 exd5 21. Rd3 Rb8 22. Rb3 b5 23. Rc6 Kd7 24. Rbc3 Rb6 25. Rxb6 axb6 26. Rb3 Ra8 27. a3 Kc6 28. Bd2 Re8 29. Re3 Re4 30. Bc3 g5 31. Kf1 Bf4 32. Re1 Kd6 33. f3 Rxe1+ 34. Kxe1 Ke6 35. Bd2 Bg3+ 36. Ke2 h6 37. f4 Kf6 38. Kf3 Bh4 39. f5 Ke7 40. Bb4+ Kd7 41. b3 Ke8 42. Bd6 Kd7 43. Bb8 Be1 44. Ba7 Bd2 45. Bxb6 Bf4 46. Bc5 Ke8 47. Ke2 Bc7 48. Bb4 Bb6 49. Kd3 1-0

[Event "Landesliga Nord 0102"]
[Site "Bayern"]
[Date "2001.11.11"]
[Round "2.3"]
[White "Kreuzer, Gerhard"]
[Black "Bachmann, Wolfgang"]
[Result "1-0"]
[WhiteElo "2160"]
[BlackElo "1990"]
[PlyCount "83"]
[EventDate "2001.10.07"]
[EventType "team"]
[EventRounds "9"]
[EventCountry "GER"]
[SourceTitle "EXT 2003"]
[Source "ChessBase"]
[SourceDate "2002.11.25"]
[SourceVersion "1"]
[SourceVersionDate "2002.11.25"]
[SourceQuality "1"]
[WhiteTeam "Kelheim"]
[BlackTeam "Burgsinn"]
[WhiteTeamCountry "GER"]
[BlackTeamCountry "GER"]

1. c4 e5 2. Nc3 Nc6 3. g3 g6 4. Bg2 Bg7 5. e3 d6 6. Nge2 Nge7 7. 0-0 0-0 8. a3 a5 9. Rb1 Bf5 10. e4 Be6 11. Nd5 Qd7 12. d3 Nd8 13. Qc2 Nc8 14. f4 f5 15. Bd2 c6 16. Ne3 Ne7 17. Bc3 Nf7 18. b4 axb4 19. axb4 Ra7 20. Rfd1 Rfa8 21. d4 exf4 22. Nxf4 fxe4 23. Nxe6 Qxe6 24. Qxe4 Qxe4 25. Bxe4 Ra3 26. Rbc1 Bh6 27. Re1 Nf5 28. Bxf5 gxf5 29. Rc2 f4 30. Nf5 fxg3 31. Re7 Bg5 32. Rxb7 gxh2+ 33. Kxh2 R3a7 34. Rb6 Ra6 35. Rxa6 Rxa6 36. b5 cxb5 37. cxb5 Ra7 38. Be1 Bf4+ 39. Bg3 Bxg3+ 40. Kxg3 Ra8 41. b6 Kf8 42. b7 1-0

[Event "Landesliga Nord 0001"]
[Site "Bayern"]
[Date "2001.04.29"]
[Round "9"]
[White "Kreuzer, Gerhard"]
[Black "Loos, Roland"]
[Result "0-1"]
[WhiteElo "2160"]
[BlackElo "2105"]
[PlyCount "70"]
[EventDate "2000.10.15"]
[EventType "team-tourn"]
[EventRounds "9"]
[EventCountry "GER"]
[SourceTitle "EXT 2020"]
[Source "ChessBase"]
[SourceDate "2019.10.17"]
[SourceVersion "1"]
[SourceVersionDate "2019.10.17"]
[SourceQuality "1"]
[WhiteTeam "Kelheim"]
[BlackTeam "Neutraubling Wacker"]
[WhiteTeamCountry "GER"]
[BlackTeamCountry "GER"]

1. c4 Nf6 2. g3 c6 3. Bg2 d5 4. Nf3 dxc4 5. a4 Na6 6. Na3 Qd5 7. Qc2 Be6 8. Nh4 Qc5 9. 0-0 g6 10. d3 cxd3 11. Qxd3 Bg7 12. Be3 Qd6 13. Qc3 0-0 14. Nc4 Qb4 15. Na5 Nd5 16. Qxb4 Naxb4 17. Bd2 b6 18. Bxd5 Bxd5 19. Bxb4 bxa5 20. Bxa5 Bxb2 21. Rab1 Rab8 22. Nf3 Rb7 23. Nd2 Rfb8 24. e4 Be6 25. Kg2 c5 26. f4 c4 27. Rf3 Bd4 28. Rd1 Bg4 29. Nxc4 Bxf3+ 30. Kxf3 Rb3+ 31. Kg2 Bc3 32. Bd8 R3b4 33. Na5 Rc8 34. Rd7 Rb2+ 35. Kf3 Rd2 0-1

[Event "Landesliga Nord 0001"]
[Site "Bayern"]
[Date "2001.01.14"]
[Round "4"]
[White "Heimrath, Wolfgang"]
[Black "Kreuzer, Gerhard"]
[Result "1-0"]
[WhiteElo "2175"]
[BlackElo "2170"]
[PlyCount "105"]
[EventDate "2000.10.15"]
[EventType "team-tourn"]
[EventRounds "9"]
[EventCountry "GER"]
[SourceTitle "EXT 2020"]
[Source "ChessBase"]
[SourceDate "2019.10.17"]
[SourceVersion "1"]
[SourceVersionDate "2019.10.17"]
[SourceQuality "1"]
[WhiteTeam "Zirndorf"]
[BlackTeam "Kelheim"]
[WhiteTeamCountry "GER"]
[BlackTeamCountry "GER"]

1. e4 c5 2. Nf3 Nc6 3. Bb5 g6 4. 0-0 Bg7 5. c3 e5 6. Na3 a6 7. Bxc6 dxc6 8. Nc4 Be6 9. Qe2 f6 10. b4 cxb4 11. cxb4 b5 12. Ne3 a5 13. bxa5 Rxa5 14. Bb2 Ra4 15. Rfd1 Rxe4 16. d4 Qc7 17. Rac1 Bh6 18. Qd3 Bxe3 19. Qxe4 Bxc1 20. Rxc1 Ne7 21. dxe5 f5 22. Qh4 Nd5 23. Ba3 Qa5 24. Bd6 h6 25. a3 g5 26. Qd4 g4 27. Nd2 Kd7 28. Bb4 Qb6 29. Qd3 Ke8 30. Bc5 Qa5 31. Nb3 Nf4 32. Qe3 Bxb3 33. Qxf4 Be6 34. h3 gxh3 35. Qh4 Qd8 36. Qh5+ Bf7 37. Qxf5 Qg5 38. Qc8+ Qd8 39. Qxh3 Qd7 40. Qh4 h5 41. Rc3 Qd8 42. Qf4 Rg8 43. e6 Bxe6 44. Re3 Qd5 45. Qb8+ Kf7 46. Qc7+ Kg6 47. Qe7 Kf5 48. Qh7+ Rg6 49. Qxh5+ Rg5 50. Qh7+ Rg6 51. Rg3 Bf7 52. Rf3+ Ke5 53. Qxf7 1-0

[Event "Landesliga Nord 9900"]
[Site "Bayern"]
[Date "1999.12.12"]
[Round "3.4"]
[White "Smekal, Ralf"]
[Black "Kreuzer, Gerhard"]
[Result "1/2-1/2"]
[WhiteElo "2025"]
[BlackElo "2175"]
[PlyCount "52"]
[EventDate "1999.10.10"]
[EventType "team-tourn"]
[EventRounds "9"]
[EventCountry "GER"]
[SourceTitle "EXT 2020"]
[Source "ChessBase"]
[SourceDate "2019.10.17"]
[SourceVersion "1"]
[SourceVersionDate "2019.10.17"]
[SourceQuality "1"]
[WhiteTeam "Neutraubling"]
[BlackTeam "Kelheim"]
[WhiteTeamCountry "GER"]
[BlackTeamCountry "GER"]

1. d4 Nf6 2. c4 c5 3. d5 e6 4. Nc3 exd5 5. cxd5 d6 6. e4 g6 7. Bd3 Bg7 8. Nge2 0-0 9. f3 a6 10. a4 Nbd7 11. Bf4 Qc7 12. Qd2 Rb8 13. b3 Re8 14. 0-0 Ne5 15. Rac1 Bd7 16. Kh1 b5 17. axb5 axb5 18. Ng3 Nxd3 19. Qxd3 b4 20. Nce2 Bb5 21. Qd2 Nd7 22. Rfe1 Qb6 23. Bh6 Qd8 24. Bxg7 Kxg7 25. Ra1 Qf6 26. Nf4 Qe5 1/2-1/2